000 00845nam a22002417a 4500
001 8443
003 FISKH
005 20250912102233.0
008 250912b cb ||||| |||| 00| 0 eng d
020 _a071001002508
040 _aFISKH
_beng
_cFISKH
_dFISKH
050 _aPZ7.B4713 V
082 _a823.912
100 _aWilliams, Margery
245 _aThe velveteen rabbit /
_cby Margery Williams ; illustrated by William Nicholson
260 _aNew York :
_bAvon Books,
_c1975.
300 _a44 pages :
_bcolor illustrations ;
_c23 cm
520 _aBy the time the Velveteen Rabbit is dirty, worn out, and about to be burned, he has almost given up hope of ever finding the magic called Real.
650 _aPicture Book
_vRabbits-Fiction
_xAnimals
700 _aNicholson, William
_eillustrator
942 _2ddc
_cBK
_n0
999 _c8443
_d8443